<?xml version="1.0" encoding="UTF-8"?>
<record
    xmlns:xsi="http://www.w3.org/2001/XMLSchema-instance"
    xsi:schemaLocation="http://www.loc.gov/MARC21/slim http://www.loc.gov/standards/marcxml/schema/MARC21slim.xsd"
    xmlns="http://www.loc.gov/MARC21/slim">

  <leader>01041cam0a220027700 4500</leader>
  <controlfield tag="001">lce00191089</controlfield>
  <controlfield tag="008">690911s1969    ge a          000 0 eng  </controlfield>
  <datafield tag="010" ind1=" " ind2=" ">
    <subfield code="a">   76410786 //r842</subfield>
  </datafield>
  <datafield tag="015" ind1=" " ind2=" ">
    <subfield code="a">GDNB***</subfield>
  </datafield>
  <datafield tag="020" ind1=" " ind2=" ">
    <subfield code="c">44.00</subfield>
  </datafield>
  <datafield tag="035" ind1=" " ind2=" ">
    <subfield code="a">(Sirsi) r79321</subfield>
  </datafield>
  <datafield tag="035" ind1=" " ind2=" ">
    <subfield code="a">(DLC)   76410786 //r842</subfield>
  </datafield>
  <datafield tag="035" ind1=" " ind2=" ">
    <subfield code="a">(UPRA)lce00191089</subfield>
  </datafield>
  <datafield tag="041" ind1="1" ind2=" ">
    <subfield code="a">eng ger</subfield>
    <subfield code="h">eng ger</subfield>
  </datafield>
  <datafield tag="050" ind1="0" ind2=" ">
    <subfield code="a">DD 43 Wil 1969</subfield>
  </datafield>
  <datafield tag="082" ind1=" " ind2=" ">
    <subfield code="a">914.3/1/02122</subfield>
  </datafield>
  <datafield tag="100" ind1="1" ind2=" ">
    <subfield code="a">Willmann, Lothar.</subfield>
    <subfield code="6">A39072.1</subfield>
  </datafield>
  <datafield tag="240" ind1="1" ind2="0">
    <subfield code="a">Luftbilder aus der DDR. English</subfield>
    <subfield code="l">Luftbilder aus der DDR. English</subfield>
  </datafield>
  <datafield tag="245" ind1="1" ind2="4">
    <subfield code="a">The German Democratic Republic from the air.</subfield>
    <subfield code="c">Photographs by Lothar Willmann. Text by Werner Braunig. (Translated from the German by Frances Gaute.)</subfield>
  </datafield>
  <datafield tag="260" ind1=" " ind2=" ">
    <subfield code="a">Leipzig:</subfield>
    <subfield code="b">Edition Leipzig</subfield>
    <subfield code="c">1969</subfield>
  </datafield>
  <datafield tag="500" ind1=" " ind2=" ">
    <subfield code="a">Translation of Luftbilder aus der DDR.</subfield>
  </datafield>
  <datafield tag="651" ind1=" " ind2="0">
    <subfield code="a">Germany (East) -- Aerial views.</subfield>
    <subfield code="x">Germany (East) -- Aerial views.</subfield>
    <subfield code="6">S30980.1</subfield>
  </datafield>
  <datafield tag="700" ind1="1" ind2=" ">
    <subfield code="a">Braunig, Werner.</subfield>
    <subfield code="6">A39073.1</subfield>
  </datafield>
  <datafield tag="949" ind1=" " ind2=" ">
    <subfield code="a">DD 43 Wil 1969</subfield>
    <subfield code="w">lcc</subfield>
    <subfield code="c"> 1</subfield>
    <subfield code="i">33729000044714</subfield>
    <subfield code="m">MAIN</subfield>
    <subfield code="p">2500</subfield>
    <subfield code="t">BOOK</subfield>
    <subfield code="l">ON-SHELF</subfield>
  </datafield>
  <controlfield tag="004">79321</controlfield>
  <datafield tag="999" ind1=" " ind2=" ">
    <subfield code="c">71436</subfield>
    <subfield code="d">71436</subfield>
  </datafield>
</record>
